Statistics for Rangers Apprentice #1

Click here to take the quiz!

General Stats

  • This quiz has been taken 96 times
  • The average score is 7 of 8

Answer Stats

HintAnswer% Correct
Main CharacterWill
100%
Main Characters TrainerHalt
99%
Gets accepted into BattleschoolHorace
98%
Only Ranger with a swordGilan
95%
Main Character's horseTug
90%
The horse of the person aboveBlaze
81%
The villian's armyThe Wargals
76%
VillianMorgarath
74%

Score Distribution

Percentile by Number Answered

Percent of People with Each Score

Your Score History

You have not taken this quiz